| 000 | 00583nam a22001817a 4500 | ||
|---|---|---|---|
| 999 |
_c1870 _d1870 |
||
| 003 | SLTCLib | ||
| 008 | 260109b ce ||||| |||| 00| 0 eng d | ||
| 020 | _a9558884081 | ||
| 041 | _aSinhala | ||
| 082 |
_a005.54 _bWIJ |
||
| 100 |
_aWijerathne, N. P. _93370 |
||
| 242 | _aParganaka Akuru Sekasuma ha Pitu Selasum Kirima | ||
| 245 | _aපරිගණක අකුරු සැකසුම හා පිටු සැලසුම් කිරීම | ||
| 260 |
_aKotadeniyawa _bAshirwadha Prakashakayo _c2004 |
||
| 300 | _a174p. | ||
| 650 | 0 |
_92070 _aComputer science |
|
| 942 |
_2ddc _cMLN |
||
| 945 |
_a3725 _bIshara wickramage _c3725 _dIshara wickramage |
||